000
002300000a22000970004500
100
1
_a
Bradshaw, Bruce
245
1
0
_a
Do germs or spirits cause illness?
300
_a
Núm 59 (1998), Páginas 22-23
773
0
_t
Together
942
_c
ANA
999
_c
57122
_d
57122